| 000 | 00538nam a2200181 i 4500 | ||
|---|---|---|---|
| 001 | 64434 | ||
| 003 | ES-MaACL | ||
| 005 | 20250524063045.0 | ||
| 007 | t| | ||
| 008 | 031224s1959 sp ||||1| spa d | ||
| 080 | _a849.9-311.2"19" | ||
| 100 | 1 |
_aFolch i Camarasa, Ramon, _d1926- _951450 |
|
| 245 | 1 | 3 |
_aEl náufrago feliz / _cRamón Folch i Camarasa. |
| 260 |
_aBarcelona : _bAlberti, _c[1959] ( _eGerona : _fIndustries Litografiques) |
||
| 300 |
_a160 p. ; _c16 cm. |
||
| 852 | 4 |
_aES-MaACL _jC-18142 |
|
| 999 |
_c64434 _d64434 |
||